| 000 | 00638cab a2200229 4500 | ||
|---|---|---|---|
| 001 | WB3402-33 | ||
| 008 | 090401t1998 xxu||||| |||| 00| 0 eng d | ||
| 035 | _a(Sirsi) u83129 | ||
| 041 | _aeng | ||
| 245 | _aLand prices may slump | ||
| 260 | _c1998 | ||
| 350 | _a0 | ||
| 490 |
_aBirmingham Post _v15 January 1998, 27(1) |
||
| 520 | _aAsks whether the planned review of capital gains tax and market difficulties will have an effect on farmland prices in 1998. | ||
| 650 | _aFARMLAND | ||
| 650 | _aFORECASTS | ||
| 650 | _aLAND PRICES | ||
| 650 | _aLAND VALUES | ||
| 690 | _aRURAL PRACTICE | ||
| 942 | _n0 | ||
| 948 | _c15/01/1998 | ||
| 999 |
_c52507 _d52507 |
||